[Event "Chrudim op"]
[Site "Chrudim"]
[Date "2004.07.11"]
[Round "7"]
[White "Chernyshov, Maxim"]
[Black "Kus, Tomas"]
[Result "1/2-1/2"]
[WhiteElo "1950"]
[BlackElo "1301"]
[PlyCount "64"]
[EventDate "2004.07.06"]
[EventType "swiss"]
[EventRounds "9"]
[EventCountry "CZE"]
[SourceTitle "EXT 2006"]
[Source "ChessBase"]
[SourceDate "2005.11.24"]
[SourceVersion "1"]
[SourceVersionDate "2005.11.24"]
[SourceQuality "1"]

1. e4 e5 2. Nf3 Nc6 3. d4 exd4 4. Nxd4 Bc5 5. Nf5 Qf6 6. Nc3 Nge7 7. Ne3 d6 8. Bc4 Be6 9. Ncd5 Bxd5 10. exd5 Ne5 11. Bb5+ c6 12. dxc6 bxc6 13. Be2 Nd5 14. 0-0 Nxe3 15. Bxe3 Rd8 16. Qc1 Qg6 17. Bxc5 dxc5 18. Qe3 Qe6 19. f4 Nd7 20. Qxe6+ fxe6 21. Rad1 Ke7 22. Bg4 Nf6 23. Bf3 Nd5 24. Be4 Rdf8 25. Bxd5 cxd5 26. Rd3 Rf7 27. g3 Rhf8 28. Re1 Kd6 29. Ra3 Rb8 30. Rae3 Re7 31. b3 g6 32. a3 Rbe8 1/2-1/2